Round about India/ (Record no. 18546)

MARC details
000 -LEADER
fixed length control field 00678cam a22002411 4500
001 - CONTROL NUMBER
control field 6047532
003 - CONTROL NUMBER IDENTIFIER
control field BDDh-ASL
005 - DATE AND TIME OF LATEST TRANSACTION
control field 20231015025719.0
008 - FIXED-LENGTH DATA ELEMENTS--GENERAL INFORMATION
fixed length control field 790112s1953 enk 000 0 eng
010 ## - LIBRARY OF CONGRESS CONTROL NUMBER
LC control number 54027368
015 ## - NATIONAL BIBLIOGRAPHY NUMBER
National bibliography number GB53-15172
035 ## - SYSTEM CONTROL NUMBER
System control number (OCoLC)4544366
040 ## - CATALOGING SOURCE
Original cataloging agency DLC
Transcribing agency TxU
Modifying agency BDDh-ASL
-- DLC
050 00 - LIBRARY OF CONGRESS CALL NUMBER
Classification number DS421
Item number .S48 1953
082 ## - DEWEY DECIMAL CLASSIFICATION NUMBER
Classification number 954
Item number SER
100 1# - MAIN ENTRY--PERSONAL NAME
Personal name Seymour, John,
Dates associated with a name 1914-
245 10 - TITLE STATEMENT
Title Round about India/
Statement of responsibility, etc. by John Seymour.
260 ## - PUBLICATION, DISTRIBUTION, ETC.
Place of publication, distribution, etc. London,
Name of publisher, distributor, etc. Eyre & Spottiswoode
Date of publication, distribution, etc. [1953]
300 ## - PHYSICAL DESCRIPTION
Extent 255 p. :
Other physical details illus.
Dimensions 22 cm.
651 #0 - SUBJECT ADDED ENTRY--GEOGRAPHIC NAME
Geographic name India
General subdivision Social life and customs.
906 ## - LOCAL DATA ELEMENT F, LDF (RLIN)
a 7
b cbc
c oclcrpl
d u
e ncip
f 19
g y-gencatlg
942 ## - ADDED ENTRY ELEMENTS (KOHA)
Source of classification or shelving scheme Dewey Decimal Classification
Koha item type Books
Holdings
Withdrawn status Lost status Source of classification or shelving scheme Damaged status Not for loan Collection code Home library Current library Shelving location Date acquired Source of acquisition Total Checkouts Full call number Barcode Date last seen Copy number Price effective from Koha item type Public note
    Dewey Decimal Classification   Not For Loan Non-fiction Asiatic Society Library Asiatic Society Library Harrison Collection 10/13/2020 Donated by Prof. John B. Harrison   954 SER 101738 10/13/2020 C-1 10/13/2020 Books RARE

Powered by Koha